000 00430nam a2200181Ia 4500
001 1378
005 20260306143724.0
008 260306t1954||||xx |||||||||||||| ||spa||
041 _aESP
082 _a196.1092
_bM26
100 _aMarías, Julián
_eAUT
245 0 _aPhilosophes espagnols de notre temps
260 _c1954
300 _a203 páginas :
_c18 cm.
650 _aGEN
654 _aCHU
942 _cLIB
_dJUS
_fJUS
_2ddc
_n
999 _c1378
_d1378